000 02044nam a22001697a 4500
003 SGT
020 _a9788121906005
082 _a546,MAL
100 _aMALIK,WAHID U
245 _aSELECTED TOPICS IN INORGANIC CHEMISTRY: FOR vB.SC (HONS.) and M.SC STUDENTS
250 _a8TH
260 _aNEW DELHI
_bS.CHAND
_c2016
300 _a1142
650 _aINORGANIC CHEMISTRY
653 _aOXIDATION AND REDUCTION,NON - AQUEOUS SOLVENTS, ACIDS AND BASES,HARD AND SOFT ACIDS AND BASES (HSAB), GENERAL CHARACTERISTICS OF TRANSITION METALS (D - BLOCK ELEMENTS),CHEMISTRY OF ELEMENTS OF FIRST TRANSITION SERIES (3D SERIES ELEMENTS),CHEMISTRY OF ELEMENTS OF SECOND TRANSITION SERIES (4D - SERIES ELEMENTS),CHEMISTRY OF ELEMENTS OF THIRD TRANSITION SERIES (5D - SERIES ELEMENTS),• CHEMISTRY OF LANTHANIDES (4F - BLOCK ELEMENTS),CHEMISTRY ACTINIDES (5F - BLOCK ELEMENTS),COORDINATION COMPOUNDS: DEFINITION AND TERMINOLOGY,PREPARATION AND APPLICATIONS OF COMPLEXS, NOMENCLATURE OF COORDINATION COMPOUNDS,WERNER'S THEORY OF COORDINATION COMPOUNDS,ISOMERISM IN COORDINATION COMPOUNDS,VALENCE BOND THEORY (VBT) OF COORDINATION COMPOUNDS,CRYSTAL FIELD THEORY (CFT) OF OCTAHEDRAL COMPLEXES,CYRSTAL FIELD THEORY OF TETRAHEDRAL AND CUBIC COMPLEXES,CRYSTAL FIELD THEORY OF SQUARE PLANAR COMPLEXES,SPLITTING OF METAL ION D-ORBITALS IN OTHER CRYSTAL FIELDS,JOHN - TELLER EFFECT AND DISTORTION IN OCTAHEDRAL AND TETRAHEDRAL COMPLEXES,APPLICATIONS OF CRYSTAL FIELD STABILISATION ENERGIES (CFSES),MOLECULAR ORBITAL THEORY (MOT) OF OCTAHEDRAL COMPLEXES,ELECTRONIC ABSORPTION SPECTRA OF TRANSITION METAL COMPLEXES,MAGNETIC PROPERTIES OF TRANSITION METAL COMPLEXS,THERMODYNAMIC AND KINETIC ASPECTS OF METAL COMPLEXES,LIGAND SUBSTITUTION REACTIONS IN OCTAHEDRAL COMPLEXES,LIGAND SUBSTITUTION REACTIONS IN SQUARE PLANAR COMPLEXES,ELECTRON TRANSFER (OXIDATION - REDUCTION) REACTIONS IN COORDINATION COMPOUNDS,TRANSITION METAL COMPLEXES WITH CARBON MONOXIDE: METALLIC CARBONYLS,ORGANOMETALLIC COMPOUNDS,BIOINORGANIC CHEMISTRY,SILICONES AND PHOSPHAZENES
942 _2ddc
_cFPS
_04
999 _c9842
_d9842